ბათუმის შოთა რუსთაველის სახელმწიფო უნივერსიტეტის ბიბლიოთეკა

უკანასკნელი გადასარბენი. (ბიბ.ჩანაწერი № 39847)

000 -LEADER
fixed length control field 00728nam a2200229Ia 4500
001 - CONTROL NUMBER
control field 6452
003 - CONTROL NUMBER IDENTIFIER
control field GE_BSU
008 - FIXED-LENGTH DATA ELEMENTS--GENERAL INFORMATION
fixed length control field 181216s||||||||xx |||||||||||||| ||und||
040 ## - CATALOGING SOURCE
Transcribing agency GE_BSU
080 ## - UNIVERSAL DECIMAL CLASSIFICATION NUMBER
Universal Decimal Classification number 821.133.1-31
100 ## - MAIN ENTRY--PERSONAL NAME
Personal name ბეჟანიშვილი,როსტომ.
245 ## - TITLE STATEMENT
Title უკანასკნელი გადასარბენი.
245 ## - TITLE STATEMENT
Remainder of title მოთხრობა.
245 ## - TITLE STATEMENT
Statement of responsibility, etc. რედ:მ.ჯაფარიძე.
260 ## - PUBLICATION, DISTRIBUTION, ETC.
Place of publication, distribution, etc. თბილისი.
260 ## - PUBLICATION, DISTRIBUTION, ETC.
Name of publisher, distributor, etc. მერანი.
260 ## - PUBLICATION, DISTRIBUTION, ETC.
Date of publication, distribution, etc. 1973.
300 ## - PHYSICAL DESCRIPTION
Extent 182გვ;17სმ.
653 ## - INDEX TERM--UNCONTROLLED
Uncontrolled term მოთხრობა.
653 ## - INDEX TERM--UNCONTROLLED
Uncontrolled term უკანასკნელი გადასარბენი.
942 ## - ADDED ENTRY ELEMENTS (KOHA)
Koha item type წიგნი
ეგზემპლარები
Withdrawn status Lost status Damaged status Not for loan Date acquired Barcode Date last seen Price effective from Koha item type
        2018-12-17 14070 2018-12-17 2018-12-17 წიგნი